30 let ČSR

Corporate Author: Komunistická strana Československa. Ústřední výbor
Language: Czech
Published: V Praze : Ústřední sekretariát KSČ, 1948
Series: Fakta a cifry
Physical Description: 94, 2 s.
Book
Saved in:
LEADER 00919nam a2200241 a 4500
001 000611335
003 CZ BrMZK
005 20060807133124.0
008 020718s1948 xr f cze d
040 |a BOA001  |b cze 
245 0 0 |a 30 let ČSR 
246 3 |a Třicet let ČSR 
260 |a V Praze :  |b Ústřední sekretariát KSČ,  |c 1948 
300 |a 94, 2 s. 
490 1 |a Fakta a cifry ;  |v č. 9 
710 2 |a Komunistická strana Československa.  |b Ústřední výbor  |7 ko2003167976 
830 0 |a Fakta a cifry 
910 |a BOA001  |b PK-I-0023.804 
964 |a ČSR - výročí 30. - sborníky 
990 |a BK 
996 6 |b BC-37526  |c PK-I-0023.804  |l MZK  |r Sklad / do 1 hodiny  |n 0  |w 000611335  |u 000010  |a 1  |e BOA001  |j MZK50  |s P 
996 6 |b BC-37527  |c PK-I-0023.804  |l MZK  |r Sklad / do 1 hodiny  |n 0  |w 000611335  |u 000020  |a 1  |e BOA001  |j MZK50  |s P 
996 6 |b BC-37528  |c PK-I-0023.804  |l MZK  |r Sklad / do 1 hodiny  |n 0  |w 000611335  |u 000030  |a 1  |e BOA001  |j MZK50  |s P